[Event "CZE-chT2D 1516"]
[Site "Czech Republic"]
[Date "2016.01.10"]
[Round "5.3"]
[White "Cizinsky, Petr"]
[Black "Kosek, Marek"]
[Result "1-0"]
[WhiteElo "2190"]
[BlackElo "2130"]
[PlyCount "85"]
[EventDate "2015.10.18"]
[EventType "team-tourn"]
[EventRounds "11"]
[EventCountry "CZE"]
[SourceTitle "EXT 2022"]
[Source "ChessBase"]
[SourceDate "2021.10.06"]
[SourceVersion "1"]
[SourceVersionDate "2021.10.06"]
[SourceQuality "1"]
[WhiteTeam "Polabiny II"]
[BlackTeam "Vysoke Myto"]
[WhiteTeamCountry "CZE"]
[BlackTeamCountry "CZE"]

1. e4 e5 2. Nf3 Nc6 3. Bb5 a6 4. Ba4 Nf6 5. 0-0 Be7 6. Re1 b5 7. Bb3 d6 8. c3 0-0 9. h3 Na5 10. Bc2 c5 11. d3 Qc7 12. Nbd2 Nc6 13. d4 cxd4 14. cxd4 Bd7 15. Nb3 a5 16. Be3 a4 17. Nbd2 Nb4 18. Bb1 a3 19. Qb3 Nc6 20. d5 axb2 21. Qxb2 Na5 22. Rc1 Qb7 23. Qb4 Rfc8 24. Rxc8+ Qxc8 25. Bd3 Nc4 26. Rc1 Rxa2 27. Nxc4 Ra4 28. Qb3 bxc4 29. Bxc4 Qa8 30. Nd2 Ra1 31. Rxa1 Qxa1+ 32. Kh2 Qa8 33. Qb6 Ne8 34. Qb4 Qc8 35. Bd3 Kf8 36. Nc4 Qc7 37. Nb6 f6 38. Bb5 Bxb5 39. Qxb5 Kf7 40. Qe2 Kg8 41. Qg4 g6 42. Qe6+ Kh8 43. Nd7 1-0

[Event "Pardubice Czech op-A 23rd"]
[Site "Pardubice"]
[Date "2012.07.20"]
[Round "1"]
[White "Cizinsky, Petr"]
[Black "Zwardon, Vojtech"]
[Result "0-1"]
[WhiteElo "2151"]
[BlackElo "2383"]
[PlyCount "116"]
[EventDate "2012.07.12"]
[EventType "swiss"]
[EventRounds "9"]
[EventCountry "CZE"]
[SourceTitle "CBM 149 Extra"]
[Source "ChessBase"]
[SourceDate "2012.08.24"]
[SourceVersion "1"]
[SourceVersionDate "2012.08.24"]
[SourceQuality "1"]

1. d3 c5 2. g3 Nc6 3. Bg2 g6 4. Nf3 Bg7 5. 0-0 d6 6. c4 Bg4 7. Nc3 Qd7 8. Re1 Bh3 9. Bh1 h5 10. Nd5 h4 11. Ng5 hxg3 12. hxg3 Bg4 13. Ne3 Nf6 14. Bg2 Nd4 15. Rb1 Bh6 16. Nxg4 Nxg4 17. Nf3 Bxc1 18. Qxc1 Nc6 19. Qd2 Qf5 20. Qg5 Qxg5 21. Nxg5 a5 22. a3 f6 23. Ne6 Kd7 24. Nf4 g5 25. Nd5 Ra7 26. b4 axb4 27. axb4 e6 28. b5 Nd4 29. Nc3 Ra3 30. Rbc1 Rb8 31. Ne4 Ra2 32. Nc3 Ra3 33. Ne4 Ke7 34. e3 Nf5 35. Nc3 Ne5 36. Be4 Nh6 37. Red1 Nhg4 38. Nb1 Ra2 39. d4 Nxf2 40. Nc3 Nh3+ 41. Kh1 Nf2+ 42. Kg1 Nxe4 43. Nxa2 Ng4 44. dxc5 dxc5 45. Rd3 Nef2 46. Ra3 Rh8 47. Ra7 Rh1+ 48. Kg2 Rh2+ 49. Kf1 Nd3 50. Rxb7+ Ke8 51. Kg1 Rxa2 52. Rd1 Nge5 53. Rf1 g4 54. b6 Nf3+ 55. Rxf3 gxf3 56. Ra7 Rg2+ 57. Kf1 Rb2 58. Ra8+ Kf7 0-1

[Event "CZE-chT2D 1112"]
[Site "Czech Republic"]
[Date "2012.02.19"]
[Round "8.1"]
[White "Nun, Jiri"]
[Black "Cizinsky, Petr"]
[Result "1-0"]
[WhiteElo "2372"]
[BlackElo "2178"]
[PlyCount "109"]
[EventDate "2011.10.09"]
[EventType "team-tourn"]
[EventRounds "11"]
[EventCountry "CZE"]
[SourceTitle "EXT 2013"]
[Source "ChessBase"]
[SourceDate "2012.11.22"]
[SourceVersion "1"]
[SourceVersionDate "2012.11.22"]
[SourceQuality "1"]
[WhiteTeam "Hradec Kralove II"]
[BlackTeam "Polabiny III"]
[WhiteTeamCountry "CZE"]
[BlackTeamCountry "CZE"]

1. e4 d6 2. d4 Nf6 3. Nc3 g6 4. Be3 Nbd7 5. Qd2 c6 6. a4 Qa5 7. Rb1 Bg7 8. b4 Qc7 9. Be2 0-0 10. Nf3 e5 11. dxe5 Nxe5 12. 0-0 Nfg4 13. Bd4 Bh6 14. Qd1 Be6 15. Ne1 c5 16. Bxe5 Nxe5 17. Nb5 Qc6 18. Qxd6 Qxe4 19. Bd3 Nxd3 20. cxd3 Qc6 21. Qxc5 Qxc5 22. bxc5 Rfc8 23. d4 Bc4 24. Nd6 Bxf1 25. Nxc8 Be2 26. Nd6 Bg7 27. Nf3 Bxf3 28. gxf3 Bxd4 29. Nxb7 Rc8 30. Rc1 Kf8 31. Kf1 Ke7 32. Re1+ Kf8 33. Re4 Bf6 34. Rc4 Be5 35. f4 Bc7 36. Ke2 Ke7 37. c6 Ke6 38. a5 Bd6 39. Kd3 f5 40. h3 h5 41. Kd4 Bxf4 42. Kc5 g5 43. Rc2 Bc7 44. Re2+ Kf6 45. Nd6 Bxd6+ 46. Kxd6 g4 47. Kd7 Rg8 48. hxg4 h4 49. gxf5 Rg7+ 50. Kd6 h3 51. Re3 Rh7 52. c7 h2 53. c8Q h1Q 54. Qe6+ Kg7 55. Qg6+ 1-0

[Event "CZE-chTW U20 1112"]
[Site "Czech Republic"]
[Date "2012.01.21"]
[Round "6.1"]
[White "Haman, Jakub"]
[Black "Cizinsky, Petr"]
[Result "1-0"]
[WhiteElo "2134"]
[BlackElo "2178"]
[PlyCount "53"]
[EventDate "2011.10.15"]
[EventType "team-tourn"]
[EventRounds "7"]
[EventCountry "CZE"]
[SourceTitle "EXT 2013"]
[Source "ChessBase"]
[SourceDate "2012.11.22"]
[SourceVersion "1"]
[SourceVersionDate "2012.11.22"]
[SourceQuality "1"]
[WhiteTeam "Kladno"]
[BlackTeam "Polabiny"]
[WhiteTeamCountry "CZE"]
[BlackTeamCountry "CZE"]

1. e4 c5 2. f4 d5 3. exd5 Nf6 4. Nf3 Nxd5 5. Bb5+ Bd7 6. Bxd7+ Nxd7 7. d3 g6 8. 0-0 Bg7 9. a4 0-0 10. Na3 Qc7 11. f5 Ne5 12. h3 gxf5 13. Nxe5 Qxe5 14. Nc4 Qd4+ 15. Kh1 e6 16. Bg5 Nb6 17. Rf4 Qd7 18. Rh4 f6 19. Qh5 Bh8 20. Bh6 Rf7 21. Ne3 Bg7 22. Bf4 Bf8 23. Rf1 Nd5 24. Nxd5 Qxd5 25. Rf3 Qd7 26. Rg3+ Kh8 27. Qg6 1-0

[Event "Litomysl op 13th"]
[Site "Litomysl"]
[Date "2011.12.30"]
[Round "7"]
[White "Sabol, Marian"]
[Black "Cizinsky, Petr"]
[Result "0-1"]
[WhiteElo "2371"]
[BlackElo "2162"]
[PlyCount "68"]
[EventDate "2011.12.26"]
[EventType "swiss"]
[EventRounds "9"]
[EventCountry "CZE"]
[SourceTitle "CBM 146 Extra"]
[Source "ChessBase"]
[SourceDate "2012.02.29"]
[SourceVersion "1"]
[SourceVersionDate "2012.02.29"]
[SourceQuality "1"]

1. e4 e5 2. Nf3 Nc6 3. Bb5 a6 4. Ba4 Nf6 5. 0-0 Be7 6. Re1 b5 7. Bb3 0-0 8. h3 d6 9. c3 Nb8 10. d4 Nbd7 11. Nbd2 Bb7 12. Bc2 c5 13. d5 c4 14. Nf1 Re8 15. g4 Nc5 16. Ng3 g6 17. Be3 Qc7 18. Qd2 Nfd7 19. g5 Bf8 20. Nh2 Bg7 21. Ng4 Rf8 22. Kg2 Na4 23. Rab1 Nab6 24. f3 f6 25. h4 Nxd5 26. exd5 f5 27. h5 fxg4 28. hxg6 gxf3+ 29. Kf2 e4 30. gxh7+ Kh8 31. Bd4 Ne5 32. Nh5 Qd7 33. Nxg7 Qh3 34. Ne6 e3+ 0-1

[Event "CZE-chTW U20 1112"]
[Site "Czech Republic"]
[Date "2011.11.26"]
[Round "5.1"]
[White "Cizinsky, Petr"]
[Black "Skalicky, Tomas"]
[Result "1/2-1/2"]
[WhiteElo "2178"]
[BlackElo "1914"]
[PlyCount "72"]
[EventDate "2011.10.15"]
[EventType "team-tourn"]
[EventRounds "7"]
[EventCountry "CZE"]
[SourceTitle "EXT 2013"]
[Source "ChessBase"]
[SourceDate "2012.11.22"]
[SourceVersion "1"]
[SourceVersionDate "2012.11.22"]
[SourceQuality "1"]
[WhiteTeam "Polabiny"]
[BlackTeam "Ricany"]
[WhiteTeamCountry "CZE"]
[BlackTeamCountry "CZE"]

1. d4 d5 2. c4 c6 3. Nf3 Nf6 4. Nc3 e6 5. g3 Be7 6. Bg2 0-0 7. 0-0 Nbd7 8. b3 b6 9. Bb2 Bb7 10. Ne5 Rc8 11. e4 dxe4 12. Nxe4 Nxe4 13. Bxe4 Nxe5 14. dxe5 Qxd1 15. Rfxd1 Rfd8 16. Kf1 Ba8 17. a4 a5 18. Ke2 c5 19. Rxd8+ Rxd8 20. Bxa8 Rxa8 21. g4 g5 22. f4 gxf4 23. Rd1 Rd8 24. Rxd8+ Bxd8 25. Bc1 Bg5 26. Kf3 Kg7 27. Bxf4 h6 28. Kg3 Kg6 29. Bxg5 hxg5 30. h4 gxh4+ 31. Kxh4 Kh6 32. g5+ Kg6 33. Kg4 Kg7 34. Kh5 Kh7 35. Kh4 Kg6 36. Kg4 Kg7 1/2-1/2

[Event "World ol U16 10th"]
[Site "Kocaeli"]
[Date "2011.10.30"]
[Round "9.7"]
[White "Cizinsky, Petr"]
[Black "Hasenohr, Benedict"]
[Result "1-0"]
[WhiteElo "2178"]
[BlackElo "2155"]
[PlyCount "41"]
[EventDate "2011.10.24"]
[EventType "team-swiss"]
[EventRounds "10"]
[EventCountry "TUR"]
[SourceTitle "EXT 2012"]
[Source "ChessBase"]
[SourceDate "2011.11.24"]
[SourceVersion "1"]
[SourceVersionDate "2011.11.24"]
[SourceQuality "1"]
[WhiteTeam "Czech Republic"]
[BlackTeam "Switzerland"]
[WhiteTeamCountry "CZE"]
[BlackTeamCountry "SUI"]

1. e4 e6 2. d4 d5 3. e5 c5 4. c3 Nc6 5. Nf3 Qb6 6. Bd3 cxd4 7. cxd4 Bd7 8. 0-0 Nxd4 9. Nbd2 Nc6 10. Nb3 d4 11. Nfxd4 Nxe5 12. Re1 Nxd3 13. Qxd3 Bb4 14. Be3 Qa6 15. Qxa6 bxa6 16. Rec1 Ne7 17. Nc5 Bxc5 18. Rxc5 Rb8 19. Nb3 Nd5 20. Bd4 0-0 21. Ra5 1-0

[Event "World ol U16 10th"]
[Site "Kocaeli"]
[Date "2011.10.26"]
[Round "5.15"]
[White "Cizinsky, Petr"]
[Black "Viani, Antonio Dcunha"]
[Result "1-0"]
[WhiteElo "2178"]
[BlackElo "2245"]
[PlyCount "159"]
[EventDate "2011.10.24"]
[EventType "team-swiss"]
[EventRounds "10"]
[EventCountry "TUR"]
[SourceTitle "EXT 2012"]
[Source "ChessBase"]
[SourceDate "2011.11.24"]
[SourceVersion "1"]
[SourceVersionDate "2011.11.24"]
[SourceQuality "1"]
[WhiteTeam "Czech Republic"]
[BlackTeam "India"]
[WhiteTeamCountry "CZE"]
[BlackTeamCountry "IND"]

1. e4 c5 2. Nf3 e6 3. d4 cxd4 4. Nxd4 a6 5. Bd3 Qc7 6. Nc3 b5 7. 0-0 Bb7 8. Qe2 Nf6 9. Bg5 b4 10. Nd5 Nxd5 11. exd5 Bxd5 12. Nf5 Qb7 13. Rfe1 Nc6 14. Ne3 Be7 15. Nxd5 Bxg5 16. Bxa6 Rxa6 17. Qxa6 Qxa6 18. Nc7+ Ke7 19. Nxa6 Bf6 20. Rab1 Ra8 21. Nc5 Rxa2 22. Nd3 Ra8 23. Nc5 Ra2 24. Nd3 Ra5 25. Kf1 Rb5 26. Ke2 d5 27. Kd2 Kd6 28. f4 g5 29. g3 gxf4 30. gxf4 Na5 31. Ra1 Bd4 32. Kc1 f6 33. Kb1 e5 34. fxe5+ fxe5 35. Ra4 Nc6 36. Rf1 e4 37. Nc1 Na5 38. Rxa5 Rxa5 39. Nb3 Ra6 40. Nxd4 Ke5 41. Ne2 Rh6 42. Rf2 Ra6 43. Rf1 Rh6 44. Rf2 b3 45. c3 e3 46. Rf3 Ke4 47. Rf4+ Ke5 48. h4 Rg6 49. Rf8 Ke4 50. Re8+ Kf3 51. Nd4+ Kf2 52. Rf8+ Kg2 53. Kc1 Kh3 54. Rf3+ Kxh4 55. Rxe3 Rg1+ 56. Kd2 Rb1 57. Re5 Rxb2+ 58. Kc1 Rg2 59. Rxd5 b2+ 60. Kb1 h5 61. Nf5+ Kh3 62. Ne3 Rg1+ 63. Kxb2 h4 64. Nf5 Kg4 65. Nxh4 Kxh4 66. Rf5 Rg8 67. c4 Kg4 68. Rf7 Kg5 69. Kc3 Kg6 70. Rf1 Rc8 71. Kd4 Rd8+ 72. Ke5 Rc8 73. Kd5 Rd8+ 74. Ke6 Rc8 75. Rg1+ Kh6 76. Rc1 Kg6 77. c5 Re8+ 78. Kd6 Re2 79. c6 Rd2+ 80. Kc5 1-0

[Event "CZE-chT 1112"]
[Site "Czech Republic"]
[Date "2011.10.08"]
[Round "1.7"]
[White "Cizinsky, Petr"]
[Black "Roubalik, Jakub"]
[Result "1/2-1/2"]
[WhiteElo "2178"]
[BlackElo "2307"]
[PlyCount "82"]
[EventDate "2011.10.08"]
[EventType "team-tourn"]
[EventRounds "11"]
[EventCountry "CZE"]
[SourceTitle "EXT 2013"]
[Source "ChessBase"]
[SourceDate "2012.11.22"]
[SourceVersion "1"]
[SourceVersionDate "2012.11.22"]
[SourceQuality "1"]
[WhiteTeam "Polabiny"]
[BlackTeam "Zlin"]
[WhiteTeamCountry "CZE"]
[BlackTeamCountry "CZE"]

1. e4 c5 2. Nf3 d6 3. d4 cxd4 4. Nxd4 Nf6 5. Nc3 a6 6. Bg5 e6 7. f4 Qb6 8. Qd3 Nc6 9. Bxf6 gxf6 10. Nb3 Be7 11. 0-0-0 Bd7 12. Be2 h5 13. f5 0-0-0 14. Kb1 Kb8 15. Qh3 Ne5 16. Ka1 Rc8 17. Rhf1 a5 18. Nd4 Nc4 19. Bxc4 Rxc4 20. fxe6 fxe6 21. Nd5 exd5 22. Qxd7 Rxd4 23. Qxe7 dxe4 24. Qxf6 Rxd1+ 25. Rxd1 Re8 26. a3 e3 27. Rxd6 Qc7 28. Re6 Rxe6 29. Qxe6 Qf4 30. Ka2 Qd4 31. c3 Qd2 32. Qe5+ Kc8 33. Qf5+ Kc7 34. Qxa5+ Kc6 35. Qa4+ Kd6 36. Qf4+ Kc6 37. Qc4+ Kd6 38. Qf4+ Kd5 39. Qf7+ Ke4 40. Qh7+ Kf4 41. Qf7+ Ke4 1/2-1/2

[Event "Stare Mesto op"]
[Site "Stare Mesto"]
[Date "2011.08.20"]
[Round "10"]
[White "Kireev, Aleksei"]
[Black "Cizinsky, Petr"]
[Result "1-0"]
[WhiteElo "2360"]
[BlackElo "2148"]
[PlyCount "87"]
[EventDate "2011.08.12"]
[EventType "swiss"]
[EventRounds "10"]
[EventCountry "CZE"]
[SourceTitle "CBM 143 Extra"]
[Source "ChessBase"]
[SourceDate "2011.08.29"]
[SourceVersion "1"]
[SourceVersionDate "2011.08.29"]
[SourceQuality "1"]

1. g3 e5 2. d3 d6 3. Bg2 Nc6 4. e4 Be6 5. c3 Be7 6. h4 Qd7 7. Bh3 h6 8. Bxe6 Qxe6 9. Qb3 Qd7 10. Qxb7 Rb8 11. Qa6 Nf6 12. Qa4 0-0 13. Qc2 d5 14. Nh3 Rfd8 15. Nd2 Bc5 16. f3 Nh5 17. Nf1 f5 18. Qe2 Nf6 19. exf5 Qxf5 20. g4 Qd7 21. Ng3 e4 22. d4 exf3 23. Qxf3 Re8+ 24. Kf1 Bd6 25. Nf5 Nxg4 26. Qxg4 Rf8 27. Nf2 Rxf5 28. Rg1 Qf7 29. Rg2 Bf4 30. b3 Rf8 31. Qe2 Bg3 32. Be3 Bxh4 33. Kg1 Re8 34. Qd2 Rf3 35. Ng4 Qe6 36. Bxh6 Rg3 37. Rxg3 Bxg3 38. Qg5 Re7 39. Rf1 Kh7 40. Bxg7 Rxg7 41. Qh5+ Kg8 42. Nh6+ Qxh6 43. Qxh6 Bf4+ 44. Qxg7+ 1-0

[Event "Stare Mesto op"]
[Site "Stare Mesto"]
[Date "2011.08.15"]
[Round "5"]
[White "Cizinsky, Petr"]
[Black "Dmitrenko, Viktor"]
[Result "0-1"]
[WhiteElo "2148"]
[BlackElo "2353"]
[PlyCount "88"]
[EventDate "2011.08.12"]
[EventType "swiss"]
[EventRounds "10"]
[EventCountry "CZE"]
[SourceTitle "CBM 143 Extra"]
[Source "ChessBase"]
[SourceDate "2011.08.29"]
[SourceVersion "1"]
[SourceVersionDate "2011.08.29"]
[SourceQuality "1"]

1. e4 e5 2. f4 d5 3. exd5 exf4 4. Nf3 Nf6 5. Nc3 Nxd5 6. Bc4 Qe7+ 7. Qe2 Qxe2+ 8. Nxe2 Nb6 9. Bb3 Bd6 10. d4 Bg4 11. 0-0 Bxf3 12. Rxf3 g5 13. Bd2 a5 14. a3 N8d7 15. Re1 0-0 16. h4 h6 17. g3 a4 18. Ba2 Kh7 19. hxg5 hxg5 20. Kf2 g4 21. Rh1+ Kg7 22. Rd3 Rh8 23. Rxh8 fxg3+ 24. Nxg3 Rxh8 25. Nf5+ Kg6 26. Nxd6 cxd6 27. Bf4 Nf6 28. c4 Rc8 29. Kg2 Ne4 30. c5 dxc5 31. dxc5 Rxc5 32. Bb1 f5 33. Rd4 Nd5 34. Bb8 Ne3+ 35. Kh2 g3+ 36. Kh3 g2 37. Bh2 Ng5+ 38. Kg3 Rc1 39. Rd6+ Kf7 40. Ba2+ Ke7 41. Rb6 Rf1 42. Rxb7+ Kd8 43. Rb8+ Kd7 44. Rb7+ Kc6 0-1

[Event "Pardubice Czech op 22nd"]
[Site "Pardubice"]
[Date "2011.07.29"]
[Round "8"]
[White "Cizinsky, Petr"]
[Black "Papp, Petra"]
[Result "0-1"]
[WhiteElo "2148"]
[BlackElo "2261"]
[PlyCount "64"]
[EventDate "2011.07.22"]
[EventType "swiss"]
[EventRounds "9"]
[EventCountry "CZE"]
[SourceTitle "CBM 143 Extra"]
[Source "ChessBase"]
[SourceDate "2011.08.29"]
[SourceVersion "1"]
[SourceVersionDate "2011.08.29"]
[SourceQuality "1"]

1. e4 e5 2. Nf3 Nc6 3. Bb5 a6 4. Ba4 Nge7 5. 0-0 g6 6. d3 Bg7 7. c3 0-0 8. Nbd2 d6 9. Re1 h6 10. Nf1 f5 11. Bc2 f4 12. h3 g5 13. N1h2 Qe8 14. d4 Qg6 15. Bb3+ Kh7 16. Bd5 Bd7 17. dxe5 dxe5 18. Qb3 Rab8 19. Bd2 Nd8 20. Ng4 Nec6 21. Qa3 Nf7 22. Bxc6 Bxc6 23. Qe7 Rbe8 24. Qxc7 h5 25. Ngh2 Bf6 26. g4 hxg4 27. Nxg4 Bd8 28. Qc8 Nd6 29. Qb8 Bb6 30. Nfxe5 Rxb8 31. Nxg6 Kxg6 32. Ne5+ Kg7 0-1

[Event "Hradec Kralove Sten op"]
[Site "Hradec Kralove"]
[Date "2011.05.14"]
[Round "8"]
[White "Cizinsky, Petr"]
[Black "Braun, Marek"]
[Result "0-1"]
[WhiteElo "2158"]
[BlackElo "2124"]
[PlyCount "100"]
[EventDate "2011.05.08"]
[EventType "swiss"]
[EventRounds "9"]
[EventCountry "CZE"]
[SourceTitle "CBM 142 Extra"]
[Source "ChessBase"]
[SourceDate "2011.06.27"]
[SourceVersion "1"]
[SourceVersionDate "2011.06.27"]
[SourceQuality "1"]

1. e4 c5 2. Nf3 e6 3. d4 cxd4 4. Nxd4 a6 5. Bd3 Bc5 6. Nb3 Be7 7. Qg4 g6 8. Qe2 Nc6 9. Nc3 d6 10. 0-0 Qc7 11. Kh1 b6 12. f4 Nf6 13. e5 Nd7 14. exd6 Qxd6 15. Ne4 Qc7 16. Bd2 h6 17. Rae1 Bb7 18. Bc3 Rg8 19. Bc4 Nb4 20. Bxb4 Bxb4 21. Rd1 Be7 22. Nd4 Nc5 23. Nxc5 bxc5 24. Nf3 Bc8 25. Ne5 Kf8 26. Rf3 Kg7 27. f5 Bf6 28. Nxf7 Qxf7 29. Bxe6 Qe7 30. Re3 Re8 31. Qg4 Bg5 32. h4 gxf5 33. Qxf5 Qf6 34. Qxf6+ Bxf6 35. Rg3+ Kh7 36. Bd5 Ra7 37. h5 Rg7 38. Rxg7+ Kxg7 39. Bf3 Rd8 40. Re1 Bf5 41. c3 Rd2 42. Re8 Rxb2 43. Bd5 Bxc3 44. g4 Bb1 45. a3 Bd4 46. Re6 a5 47. Ra6 Rd2 48. Rxa5 Kf6 49. Ra8 Kg5 50. Bf3 Kf4 0-1

[Event "Hradec Kralove Sten op"]
[Site "Hradec Kralove"]
[Date "2011.05.13"]
[Round "7"]
[White "Chudinovskih, Alexander N"]
[Black "Cizinsky, Petr"]
[Result "1-0"]
[WhiteElo "2270"]
[BlackElo "2158"]
[PlyCount "57"]
[EventDate "2011.05.08"]
[EventType "swiss"]
[EventRounds "9"]
[EventCountry "CZE"]
[SourceTitle "CBM 142 Extra"]
[Source "ChessBase"]
[SourceDate "2011.06.27"]
[SourceVersion "1"]
[SourceVersionDate "2011.06.27"]
[SourceQuality "1"]

1. e4 c5 2. Nf3 d6 3. Bb5+ Bd7 4. Bxd7+ Qxd7 5. 0-0 Nc6 6. c4 g6 7. d4 cxd4 8. Nxd4 Bg7 9. Nc2 Ne5 10. Qe2 Rc8 11. Nba3 Qc6 12. Nd4 Qa6 13. Ndb5 Kf8 14. Be3 Nxc4 15. Rac1 Bxb2 16. Rxc4 Rxc4 17. Nxc4 Qxb5 18. Qxb2 Qxb2 19. Nxb2 Nf6 20. Rc1 Kg7 21. Rc7 e5 22. f3 d5 23. Bg5 Ne8 24. Rxb7 dxe4 25. Rxa7 exf3 26. gxf3 Nd6 27. Ra6 h6 28. Be7 Ne8 29. Nc4 1-0

[Event "Frydek Mistek Chance Cup op"]
[Site "Frydek Mistek"]
[Date "2011.04.23"]
[Round "5"]
[White "Cizinsky, Petr"]
[Black "Taus, Martin"]
[Result "1/2-1/2"]
[WhiteElo "2194"]
[BlackElo "2130"]
[PlyCount "82"]
[EventDate "2011.04.21"]
[EventType "swiss"]
[EventRounds "9"]
[EventCountry "CZE"]
[SourceTitle "EXT 2012"]
[Source "ChessBase"]
[SourceDate "2011.11.24"]
[SourceVersion "1"]
[SourceVersionDate "2011.11.24"]
[SourceQuality "1"]

1. e4 Nc6 2. d4 d5 3. Nc3 e6 4. Nf3 Nf6 5. Bg5 Be7 6. e5 Ne4 7. Bxe7 Qxe7 8. Bd3 f5 9. exf6 Nxf6 10. Qe2 Nb4 11. 0-0-0 Nxd3+ 12. Qxd3 0-0 13. Rhe1 Qd6 14. Ne5 Nd7 15. Qg3 Nxe5 16. Rxe5 Bd7 17. f4 a5 18. Qh4 a4 19. Rd3 a3 20. b3 Rf6 21. Rg3 Kh8 22. Ne2 Rh6 23. Rh5 Rxh5 24. Qxh5 Be8 25. Qg5 Bg6 26. Rh3 Kg8 27. g4 Rf8 28. Rc3 Be4 29. Kd2 c6 30. Ke3 b6 31. Qe5 Qxe5 32. fxe5 Rf3+ 33. Kd2 Rxc3 34. Nxc3 Bf3 35. h3 Bg2 36. h4 Bh3 37. g5 Kf7 38. Ne2 Bf5 39. b4 b5 40. Kc3 Bg4 41. Nf4 Bd1 1/2-1/2

[Event "Frydek Mistek Chance Cup op"]
[Site "Frydek Mistek"]
[Date "2011.04.22"]
[Round "4"]
[White "Miculka, Petr"]
[Black "Cizinsky, Petr"]
[Result "0-1"]
[WhiteElo "2006"]
[BlackElo "2194"]
[PlyCount "100"]
[EventDate "2011.04.21"]
[EventType "swiss"]
[EventRounds "9"]
[EventCountry "CZE"]
[SourceTitle "EXT 2012"]
[Source "ChessBase"]
[SourceDate "2011.11.24"]
[SourceVersion "1"]
[SourceVersionDate "2011.11.24"]
[SourceQuality "1"]

1. e4 d6 2. d4 Nf6 3. Nc3 g6 4. f4 Bg7 5. Nf3 0-0 6. Bd3 Na6 7. 0-0 c5 8. e5 Ne8 9. Be3 cxd4 10. Bxd4 dxe5 11. Bxe5 Qb6+ 12. Rf2 Nb4 13. Bc4 Bg4 14. Qd4 Qxd4 15. Nxd4 Rc8 16. Bb3 Rd8 17. Nf3 Bxf3 18. Rxf3 Bxe5 19. fxe5 Nc6 20. e6 f5 21. Nd5 Kg7 22. c3 Nf6 23. Rd1 Nxd5 24. Bxd5 Ne5 25. Rff1 b5 26. Rd4 Kf6 27. h3 h5 28. a4 b4 29. cxb4 Nc6 30. Rc4 Nxb4 31. Rxb4 Rxd5 32. Rb7 a5 33. g4 hxg4 34. hxg4 Re5 35. gxf5 gxf5 36. Kf2 Rxe6 37. Rh1 Re5 38. Rh6+ Kg5 39. Rbb6 f4 40. Rhe6 Kf5 41. Rxe5+ Kxe5 42. Rb5+ Ke4 43. Rxa5 Rb8 44. Rc5 Rxb2+ 45. Kf1 Ra2 46. Rc4+ Kf3 47. Rc3+ Kg4 48. Rc4 e5 49. Re4 Kf5 50. Rb4 e4 0-1

[Event "CZE-chT U20 final-A 1011"]
[Site "Czech Republic"]
[Date "2011.04.16"]
[Round "9.1"]
[White "Langner, Jakub"]
[Black "Cizinsky, Petr"]
[Result "0-1"]
[WhiteElo "1952"]
[BlackElo "2148"]
[PlyCount "48"]
[EventDate "2010.10.02"]
[EventType "team-tourn"]
[EventRounds "11"]
[EventCountry "CZE"]
[SourceTitle "EXT 2012"]
[Source "ChessBase"]
[SourceDate "2011.11.24"]
[SourceVersion "1"]
[SourceVersionDate "2011.11.24"]
[SourceQuality "1"]
[WhiteTeam "Havirov (U20)"]
[BlackTeam "Polabiny (U20)"]
[WhiteTeamCountry "CZE"]
[BlackTeamCountry "CZE"]

1. e4 c5 2. Nf3 e6 3. d4 cxd4 4. Nxd4 a6 5. Nc3 Qc7 6. Bd3 Nf6 7. 0-0 d6 8. Be3 Nbd7 9. f4 Be7 10. Qf3 b5 11. Qg3 b4 12. Nce2 Bb7 13. Rad1 g6 14. Qf3 Nc5 15. Ng3 h5 16. Bf2 h4 17. Nge2 Nfxe4 18. Bxe4 Bxe4 19. Qh3 Qb7 20. Rd2 e5 21. fxe5 dxe5 22. Nb3 Nxb3 23. axb3 Bg5 24. Be3 Bxg2 0-1

[Event "CZE-ch U16"]
[Site "Kouty nad Desnou"]
[Date "2011.03.18"]
[Round "8"]
[White "Mikes, Jan"]
[Black "Cizinsky, Petr"]
[Result "0-1"]
[WhiteElo "1864"]
[BlackElo "2194"]
[PlyCount "100"]
[EventDate "2011.03.12"]
[EventType "swiss"]
[EventRounds "9"]
[EventCountry "CZE"]
[SourceTitle "EXT 2014"]
[Source "ChessBase"]
[SourceDate "2013.11.20"]
[SourceVersion "1"]
[SourceVersionDate "2013.11.20"]
[SourceQuality "1"]

1. e4 c5 2. f4 d5 3. Nf3 dxe4 4. Ng5 Nf6 5. Bc4 e6 6. Qe2 Be7 7. c3 0-0 8. Nxe4 Nc6 9. 0-0 a6 10. Bb3 b6 11. d3 Nd5 12. Nbd2 Na5 13. Bc2 Qc7 14. Nc4 Nxc4 15. dxc4 Nf6 16. Rf3 g6 17. Rg3 Nxe4 18. Bxe4 Bb7 19. Bc2 Bf6 20. Be3 Bg7 21. Rf1 Rfe8 22. Qf2 Rad8 23. Rh3 Qc6 24. Rd1 Bf6 25. Rxd8 Rxd8 26. a3 Rd7 27. Bc1 Kg7 28. Rd3 Rxd3 29. Bxd3 e5 30. fxe5 Bxe5 31. Bf1 Qd6 32. Qh4 h5 33. Be3 f6 34. Bf2 a5 35. Be1 Bf4 36. Bg3 Bxg3 37. hxg3 Qe5 38. Qf4 Qxf4 39. gxf4 g5 40. fxg5 fxg5 41. Kf2 Kf6 42. g3 h4 43. gxh4 gxh4 44. Bh3 Ke5 45. Ke3 Bc6 46. b4 Be4 47. bxc5 bxc5 48. a4 Bc6 49. Bg4 Bxa4 50. Kf3 Bd1+ 0-1